banner koha

Determinação de ácido ascórbico e tocoferóis em frutas por CLAE (Registro n. 225297)

MARC details
000 -LÍDER
campo de controle de tamanho fixo 01028nas a2200385 4500
001 - NÚMERO DE CONTROLE
campo de controle BR2013000472
003 - IDENTIFICADOR DO NÚMERO DE CONTROLE
campo de controle BR-BrBNA
005 - DATA E HORÁRIO DA ÚLTIMA TRANSAÇÃO
campo de controle 20231205121809.0
007 - CAMPO FIXO DE DESCRIÇÃO FÍSICA--INFORMAÇÃO GERAL
campo de controle de tamanho fixo ta
008 - CAMPO DE DADOS FIXOS--INFORMAÇÃO GERAL
campo de controle de tamanho fixo 230509b bl.|||p| |||| 00| 00por d
040 ## - FONTE DA CATALOGAÇÃO
Instituição da catalogação original BR-BrBNA
Idioma da catalogação por
Instituição que transcreveu o registro Biblioteca Nacional de Agricultura
041 ## - CÓDIGO DE IDIOMA
Código do idioma do texto/trilha sonora ou título diferente (Pt)
072 ## - CÓDIGO DE CATEGORIA DE ASSUNTO
Código de Categoria de Assunto F60
100 1# - ENTRADA PRINCIPAL--NOME PESSOAL
Nome pessoal Barcia, M.T.
100 1# - ENTRADA PRINCIPAL--NOME PESSOAL
Nome pessoal Jacques, A.C.
100 1# - ENTRADA PRINCIPAL--NOME PESSOAL
Nome pessoal Pertuzatti, P.B.
100 1# - ENTRADA PRINCIPAL--NOME PESSOAL
Nome pessoal Zambiazi, R.C.
245 1# - TÍTULO
Título Determinação de ácido ascórbico e tocoferóis em frutas por CLAE
650 ## - ASSUNTO--TERMO TÓPICO
Cabeçalho tópico ou nome geográfico PITANGA
650 ## - ASSUNTO--TERMO TÓPICO
Cabeçalho tópico ou nome geográfico AMORA-PRETA
650 ## - ASSUNTO--TERMO TÓPICO
Cabeçalho tópico ou nome geográfico MIRTILO
650 ## - ASSUNTO--TERMO TÓPICO
Cabeçalho tópico ou nome geográfico NÊSPERA
650 ## - ASSUNTO--TERMO TÓPICO
Cabeçalho tópico ou nome geográfico JAMBOLÃO
650 ## - ASSUNTO--TERMO TÓPICO
Cabeçalho tópico ou nome geográfico ARAÇÁ
650 ## - ASSUNTO--TERMO TÓPICO
Cabeçalho tópico ou nome geográfico PÊRA
650 ## - ASSUNTO--TERMO TÓPICO
Cabeçalho tópico ou nome geográfico PÊSSEGO
650 ## - ASSUNTO--TERMO TÓPICO
Cabeçalho tópico ou nome geográfico BIOQUÍMICA
650 ## - ASSUNTO--TERMO TÓPICO
Cabeçalho tópico ou nome geográfico VITAMINA C
650 ## - ASSUNTO--TERMO TÓPICO
Cabeçalho tópico ou nome geográfico VITAMINA E
650 ## - ASSUNTO--TERMO TÓPICO
Cabeçalho tópico ou nome geográfico VALOR NUTRITIVO
650 ## - ASSUNTO--TERMO TÓPICO
Cabeçalho tópico ou nome geográfico ANTIOXIDANTE
773 0# - ENTRADA ANALÍTICA
Título Semina (Brazil)
ISSN - International Standard Serial Number ISSN 1676-546X
Partes relacionadas (Apr-Jun 2010), v. 31(2) p. 381-390
Número de controle do registro BR2013000472
909 ## -
-- 202311
-- Lúcia
-- 55
-- Lúcia Elande
942 ## - ELEMENTOS DE ENTRADA ADICIONADOS (KOHA)
Fonte da classificação ou esquema de arquivamento na estante Classificação AGRIS
Ocultar no OPAC Não
Tipo de material Koha Analítica
Exemplares
Situação do descarte Fonte da classificação ou esquema de arquivamento na estante Situação física Não pode ser emprestado Biblioteca de origem Biblioteca atual Localização na estante Enumeração do periódico / cronologia Total de empréstimos Data de último acesso Número do exemplar Tipo de material Koha Fonte de aquisição
  Classificação AGRIS   Consulta local Biblioteca Nacional de Agricultura - Binagri Biblioteca Nacional de Agricultura - Binagri   (Apr-Jun 2010), v. 31(2) p. 381-390   29/11/2023 01 Periódicos Portaria Interministerial nº 164/94

BINAGRI

Telefone: (61)3218-2567/2388/3357/2097 - binagri@agro.gov.br

Ministério da Agricultura e Pecuária , Esplanada dos Ministérios, Bloco D, Anexo B, Brasília/DF, CEP: 70.043-900